00763nam a2200253Ia 450000500170000000800280001702000180004510000390006324500380010225000170014030000250015749000380018265000300022065000260025065000410027694200120031726400310032933600270036033700330038733800280042004000350044808400110048399900150049420220317000313.0141031s9999 ck 000 0 spa d a97884819164781 aJaramillo Agudelo, Darío,d1947-10aGatos cDarío Jaramillo Agudelo a1a edición a53 páginasc15 cm. aColección el pájaro solitario142LEMBaPoesía colombiana142LEMBaGatosvPoesía142LEMBaAnimales humanizadosvPoesía 2loccBK aValenciabPre-textosc2009 atextobtxt2rdacontent asin mediaciónbn2rdamedia avolumenbnc2rdacarrier aCO-BoRNBPbspaerdacCO-BoRNBP aP JAR1 c3669d3669